| 000 | 00684nab a2200193 4500 | ||
|---|---|---|---|
| 001 | 244442 | ||
| 003 | OSt | ||
| 005 | 20250617123603.0 | ||
| 007 | tu | ||
| 008 | 200917s2020||||||| | ||
| 040 |
_aDE-2950 _cDE-2950 |
||
| 245 | 0 | 0 |
_aTechno-Zauber lockt Tausende an _bSkalar-Festival. Zwischen bunten Lichtern, kreativen Dancefloors und helfenden Brandenburgern entstand am Helenesee wieder ein einzigartiges Party-Erlebnis - auch ohne Sprung ins Wasser/ _cLeonard Palm |
| 264 | _c2024 | ||
| 653 | _aFrankfurt (Oder) | ||
| 653 | _aHelenesee | ||
| 653 | _aSkalar-Festival | ||
| 773 | 0 |
_g36. Jahrgang (2025) Nr. 132 vom 10.06.2025, S. 14 mit Foto _tMärkische Oderzeitung |
|
| 942 |
_2z _cA |
||
| 999 |
_c373826 _d373826 |
||